Vainqueurs du Grand Prix de Singapour de Formule 1 - Statistiques

Statistiques générales
  • Ce quiz a été pris 494 fois
  • Le résultat moyen est 13 sur 13
Statistiques - réponses
Année Vainqueur Ecurie % Correct
2009 Lewis Hamilton McLaren-Mercedes
100%
2014 Lewis Hamilton Mercedes
100%
2017 Lewis Hamilton Mercedes
100%
2018 Lewis Hamilton Mercedes
100%
2011 Sebastian Vettel Red Bull-Renault
98%
2012 Sebastian Vettel Red Bull-Renault
98%
2013 Sebastian Vettel Red Bull-Renault
98%
2015 Sebastian Vettel Ferrari
98%
2019 Sebastian Vettel Ferrari
98%
2022 Sergio Pérez Red Bull
97%
2008 Fernando Alonso Renault
94%
2010 Fernando Alonso Ferrari
94%
2016 Nico Rosberg Mercedes
94%
Aucun quiz correspondant
Distribution des résultats
% des personnes avec chaque résultat
Percentile par nombre de réponses
Votre historique - résultats
Vous n’avez pas pris ce quiz